Программно-аппаратная организация компьютера IBM PC
| Sumari: | Исключено из фонда НТБ ТПУ |
|---|---|
| Idioma: | rus |
| Publicat: |
Москва, Айсберг, 1991
|
| Col·lecció: | Библиотека пользователя ПК Вып. 6 |
| Format: | MixedMaterials Llibre |
| KOHA link: | https://koha.lib.tpu.ru/cgi-bin/koha/opac-detail.pl?biblionumber=31941 |
MARC
| LEADER | 00000nam0a2200000 4500 | ||
|---|---|---|---|
| 001 | 31941 | ||
| 005 | 20231030204647.0 | ||
| 035 | |a (RuTPU)RU\TPU\book\32236 | ||
| 035 | |a BOOK00000066 | ||
| 090 | |a 31941 | ||
| 100 | |a 20011210d1991 u y0rusy50 ca | ||
| 101 | 0 | |a rus | |
| 102 | |a RU | ||
| 105 | |a 000|y | ||
| 200 | 1 | |a Программно-аппаратная организация компьютера IBM PC | |
| 210 | |a Москва |c Айсберг |d 1991 | ||
| 215 | |a 191 с. | ||
| 225 | 1 | |a Библиотека пользователя ПК |v Вып. 6 | |
| 333 | |a Исключено из фонда НТБ ТПУ | ||
| 801 | 0 | |a RU |b 63413507 |c 20011210 |g PSBO | |
| 801 | 2 | |a RU |b 63413507 |c 20170529 |g RCR | |
| 942 | |c BK | ||